000
00221nam a2200097Ia 4500
005
20251222114403.0
008
251222s1900||||xx |||||||||||||| ||spa||
082
_a
DVD0092/G26/2002
245
0
_a
Los reyes magos:
942
_c
DVD
999
_c
1720
_d
1720